| 000 | 00786nam0a22002411 4500 | ||
|---|---|---|---|
| 001 | rc\2603354 | ||
| 005 | 20250623131948.0 | ||
| 035 | _a(NLR Aleph) 006767387 | ||
| 090 |
_a5908203 _c5908203 |
||
| 100 | _a20110914d1930 |||y0rusy50 ca | ||
| 101 | 0 | _arus | |
| 102 | _aRU | ||
| 105 | _ay z ||||| | ||
| 200 | 1 |
_aДирижабль на войне _fН. Н. Шпанов _gСоюз Осоавиахим СССР |
|
| 210 |
_aМосква _cЦ.С. Осоавиахима _d1930 _gЦентр. тип. НКВМ |
||
| 215 |
_a22 с., [2] с. объявл. _d18х12 см. |
||
| 700 | 1 |
_aШпанов _bН.Н. _f1896-1961 _gНиколай Николаевич |
|
| 801 | 0 |
_aRU _bNLR _gpsbo |
|
| 801 | 1 |
_aRU _bELAR _2rusmarc |
|
| 852 |
_aNLR _j30.8/8876 |
||
| 942 | _cBOOK | ||
| 980 | _aNB | ||